| 000 | 00840nam a22001937a 4500 | ||
|---|---|---|---|
| 005 | 20250103122238.0 | ||
| 010 | _aHIN-129103 | ||
| 020 |
_a9788119127979 _c1150.00 |
||
| 035 | _aHN-101449 | ||
| 037 | _bDBAD | ||
| 082 | _a070.4 | ||
| 245 |
_aपत्रकारिता : _bपरम्परा, समकाल और भविष्य/ _cअटल तिवारी द्वारा संपादित |
||
| 250 | _aप्रथम | ||
| 260 |
_aनॉएडा, उ.प्र. _bसेतु प्रकाशन _c2023 |
||
| 270 |
_aसी-21, सेक्टर-65 _bनॉएडा, उ.प्र. _e201301 _msetuprakashan@gmail.com |
||
| 300 |
_a384 पृ. _c24 सेमी (सजिल्द) |
||
| 700 |
_aतिवारी, अटल _975797 |
||
| 942 |
_cHN _2ddc _h070.4 _mपत्रका |
||
| 999 |
_c208007 _d208007 |
||